| 000 | 00380nam a22001577a 4500 | ||
|---|---|---|---|
| 003 | ASAB | ||
| 005 | 20180827062707.0 | ||
| 008 | 161122t xxu||||| |||| 00| 0 eng d | ||
| 020 | _a978-81-8356-561-5 | ||
| 040 | _cASAB | ||
| 100 |
_aM. Prakash _92236 |
||
| 245 | _acell reproduction | ||
| 300 | _a269 P. | ||
| 440 |
_aencyclopaedia of cell biology _n3 _92237 |
||
| 942 |
_2ddc _cBK |
||
| 999 |
_c480286 _d480286 |
||